Billy Joel Lyrics Quiz (Part 42) - Statistics

General Stats
  • This quiz has been taken 34 times
  • The average score is 147 of 265
Answer Stats
Answer % Correct
a
96%
I
96%
the
89%
You
85%
you
85%
you?
85%
you,
85%
me
78%
And
74%
be
74%
can
74%
to
74%
So
70%
so
70%
it
67%
when
67%
love
63%
are
59%
my
59%
of
59%
see
59%
with
59%
With
59%
am
56%
I’m
56%
know
56%
what
56%
will
56%
if
52%
If
52%
I’ve
52%
some
52%
up
52%
How
48%
long
48%
make
48%
that
48%
been
44%
Don’t
44%
take
44%
you’ll
44%
every
41%
heart
41%
like
41%
wait
41%
would
41%
cry
37%
free
37%
only
37%
spend
37%
try
37%
try,
37%
better
33%
his
33%
much
33%
Won’t
33%
song,
30%
again
26%
child
26%
eyes
26%
eyes?
26%
full
26%
lonely
26%
real
26%
yeah,
26%
yeah
26%
bird
22%
dreaming
22%
drink
22%
dry
22%
hours
22%
lifetime
22%
must
22%
open
22%
tear
22%
Until
22%
waiting
22%
body
19%
chills
19%
disappear
19%
ice
19%
little
19%
melt
19%
moments
19%
ones
19%
skies
19%
smile
19%
soar
19%
wine
19%
rise
15%
color
11%
No matching quizzes found
Score Distribution
Percent of People with Each Score
Percentile by Number Answered
Your Score History
You have not taken this quiz